TEXT BOOK OF HUMAN NEUROANATOMY (Record no. 8501)

MARC details
000 -LEADER
fixed length control field 00316nam a22001457a 4500
003 - CONTROL NUMBER IDENTIFIER
control field SGT
082 ## - DEWEY DECIMAL CLASSIFICATION NUMBER
Classification number 611
Item number T14B
100 ## - MAIN ENTRY--PERSONAL NAME
Personal name BHUIYAN, PRITHA
245 ## - TITLE STATEMENT
Title TEXT BOOK OF HUMAN NEUROANATOMY
250 ## - EDITION STATEMENT
Edition statement 9TH
260 ## - PUBLICATION, DISTRIBUTION, ETC. (IMPRINT)
Place of publication, distribution, etc DELHI
Name of publisher, distributor, etc JAYPEE BROTHERS
Year of Publication 2014
300 ## - PAGE DESCRIPTION
No. of Pages 285
650 ## - SUBJECT ADDED ENTRY--TOPICAL TERM
Topical term or geographic name as entry element NEUROANATOMY
942 ## - ADDED ENTRY ELEMENTS (KOHA)
Source of classification or shelving scheme Dewey Decimal Classification
Koha item type Books
942 ## - ADDED ENTRY ELEMENTS (KOHA)
-- 5
Holdings
Withdrawn status Lost status Source of classification or shelving scheme Damaged status Not for loan Collection code Home library Current library Shelving location Date acquired Vendor Name Cost, normal purchase price SGTU Bill Number Total Checkouts Full call number Accession No. (Barcode) Date last seen Bill Date Koha item type Date last borrowed Checked out
    Dewey Decimal Classification     AYURVEDA SGT FA-FP Library SGT FA-FP Library Text Book 17/03/2016 AHUJA 425.00 SGTU 6404   611 T14B FA3752 17/03/2016 22/12/2015 Books    
    Dewey Decimal Classification     AYURVEDA SGT FA-FP Library SGT FA-FP Library Text Book 17/03/2016 AHUJA 425.00 SGTU 6404   611 T14B FA3753 17/09/2022 22/12/2015 Books    
    Dewey Decimal Classification     AYURVEDA SGT FA-FP Library SGT FA-FP Library Text Book 17/03/2016 AHUJA 425.00 SGTU 6404 3 611 T14B FA3754 12/06/2023 22/12/2015 Books 25/05/2023  
    Dewey Decimal Classification     AYURVEDA SGT FA-FP Library SGT FA-FP Library Text Book 17/03/2016 AHUJA 425.00 SGTU 6404 3 611 T14B FA3755 31/07/2023 22/12/2015 Books 31/07/2023 29/09/2023
    Dewey Decimal Classification     AYURVEDA SGT FA-FP Library SGT FA-FP Library Text Book 17/03/2016 AHUJA 425.00 SGTU 6404 1 611 T14B FA3756 07/06/2023 22/12/2015 Books 01/06/2023